Ciencia de la administración (Registro nro. 2254)

Detalles MARC
000 -LEADER
fixed length control field 01241 a2200193 4500
001 - CONTROL NUMBER
control field 32128
005 - DATE AND TIME OF LATEST TRANSACTION
control field 20260407155622.0
008 - FIXED-LENGTH DATA ELEMENTS--GENERAL INFORMATION
fixed length control field 260407a1983 arg spa d
003 - CONTROL NUMBER IDENTIFIER
control field AR-UNSa-BCEJYS
040 ## - CATALOGING SOURCE
Original cataloging agency AR-UNSa-BCEJYS
Language of cataloging spa
Transcribing agency AR-UNSa-BCEJYS
080 ## - UNIVERSAL DECIMAL CLASSIFICATION NUMBER
Universal Decimal Classification number 658
Common auxiliary subdivision Administración de empresas. Organización comercial
100 1# - MAIN ENTRY--PERSONAL NAME
Personal name Hermida, Jorge Alfredo
245 10 - TITLE STATEMENT
Title Ciencia de la administración
264 #1 - PRODUCTION, PUBLICATION, DISTRIBUTION, MANUFACTURE, AND COPYRIGHT NOTICE
Place of production, publication, distribution, manufacture Buenos Aires :
Name of producer, publisher, distributor, manufacturer Ediciones Contabilidad Moderna
Date of production, publication, distribution, manufacture, or copyright notice 1983
300 ## - PHYSICAL DESCRIPTION
Extent 350 p.
Dimensions 22 cm.
505 ## - FORMATTED CONTENTS NOTE
Formatted contents note 1. Análisis y categorias de los continentes del conocimiento - 2. Análisis de la metodología cientifica - 3. Las opciones metodologicas para la administración - 4. Fundamentos para la elaboración de un modelo de análisis de las ideas en administración - 5. Las escuelas clásicas - 6. La escuela de realcioneas humanas - 7. La escuela neoclasica - 8. Las escuelas de sociologia y sicologia - 9. El estructuralismo - 10. La escuela de la teoria de la organización - 11. La escuela de la teoria de los sistemas - 12. Sintesis del análisis retrospectivo de las ideas en administración - 13. Una teoría descriptiva del comportamiento de las organizaciones.
590 ## - LOCAL NOTE (RLIN)
Local note niveau_biblio:m niveau_hierar:0
942 ## - ADDED ENTRY ELEMENTS (KOHA)
Koha item type
Existencias
Withdrawn status Lost status Damaged status Not for loan Home library Current library Shelving location Date acquired Total checkouts Full call number Barcode Date last seen Price effective from Koha item type
        Biblioteca Prof. Eusebio Cleto del Rey Biblioteca Prof. Eusebio Cleto del Rey   07/04/2026   658 H554c L39719 07/04/2026 07/04/2026 Libro
        Biblioteca Prof. Eusebio Cleto del Rey Biblioteca Prof. Eusebio Cleto del Rey   07/04/2026   658 H554c L13842 07/04/2026 07/04/2026 Libro
        Biblioteca Prof. Eusebio Cleto del Rey Biblioteca Prof. Eusebio Cleto del Rey   07/04/2026   658 H554c L39721 07/04/2026 07/04/2026 Libro
        Biblioteca Prof. Eusebio Cleto del Rey Biblioteca Prof. Eusebio Cleto del Rey   07/04/2026   658 H554c L53126 07/04/2026 07/04/2026 Libro
        Biblioteca Prof. Eusebio Cleto del Rey Biblioteca Prof. Eusebio Cleto del Rey   07/04/2026   658 H554c L39720 07/04/2026 07/04/2026 Libro